Encuentro con los representantes de las asociaciones y federaciones de instituciones educativas privadas de la República Dominicana (Record no. 8909)

MARC details
000 -LEADER
campo de control de longitud fija 00536nam a2200145Ia 4500
001 - NÚMERO DE CONTROL
campo de control 3598
008 - DATOS DE LONGITUD FIJA--INFORMACIÓN GENERAL
campo de control de longitud fija 241024s9999 xx 000 0 und d
082 ## - NÚMERO DE LA CLASIFICACIÓN DECIMAL DEWEY
Número de clasificación RD/371.07/R426e/2013
100 ## - ENTRADA PRINCIPAL--NOMBRE DE PERSONA
Nombre de persona República Dominicana. Ministerio de Educación. Dirección de Acreditación de Centro Educativo
245 #0 - MENCIÓN DEL TÍTULO
Título Encuentro con los representantes de las asociaciones y federaciones de instituciones educativas privadas de la República Dominicana
260 ## - PUBLICACIÓN, DISTRIBUCIÓN, ETC.
Nombre del editor, distribuidor, etc. Santo Domingo
Fecha de publicación, distribución, etc. 2013
590 ## - NOTA LOCAL (RLIN)
Nota local si
901 ## - ELEMENTOS DE DATOS A LOCAL LDA (RLIN)
a 9/1/2014 2:16:27 p.m.

No items available.

© 2024. Todos los Derechos Reservados. Desarrollado por IDEICE